Ole Miss Starting QBs Since 2000 - Statistics

General Stats
  • This quiz has been taken 7 times
  • The average score is 14 of 26
Answer Stats
Hint Answer % Correct
2024 Jaxson Dart
100%
2023 Jaxson Dart
100%
2022 Jaxson Dart
100%
2021 Matt Corral
86%
2020 Matt Corral
86%
2025 Trinidad Chambliss
86%
2014 Bo Wallace
71%
2013 Bo Wallace
71%
2012 Bo Wallace
71%
2016 Chad Kelly
71%
2015 Chad Kelly
71%
2002 Eli Manning
57%
2001 Eli Manning
57%
2000 Eli Manning
57%
2019 Jordan Ta'amu
57%
2018 Jordan Ta'amu
57%
2017 Shea Patterson
57%
2003 Eli Manning
29%
2008 Jevan Snead
29%
2004 Ethan Flat
14%
2010 Jeremiah Masoli
14%
2009 Jevan Snead
14%
2005 Michael Spurlock
14%
2006 Brent Schaeffer
0%
2011 Randy Mackey
0%
2007 Seth Adams
0%
No matching quizzes found
Score Distribution
Percent of People with Each Score
Percentile by Number Answered
Your Score History
You have not taken this quiz